<?xml version="1.0" encoding="UTF-8"?>
<record
    xmlns:xsi="http://www.w3.org/2001/XMLSchema-instance"
    xsi:schemaLocation="http://www.loc.gov/MARC21/slim http://www.loc.gov/standards/marcxml/schema/MARC21slim.xsd"
    xmlns="http://www.loc.gov/MARC21/slim">

  <leader>00858nam a22001577a 4500</leader>
  <controlfield tag="003">OSt</controlfield>
  <controlfield tag="005">20161103144941.0</controlfield>
  <controlfield tag="008">161103b        xxu||||| |||| 00| 0 eng d</controlfield>
  <datafield tag="040" ind1=" " ind2=" ">
    <subfield code="c">RUA</subfield>
  </datafield>
  <datafield tag="082" ind1=" " ind2=" ">
    <subfield code="a">FOR BUO 2015 B524 Or.</subfield>
  </datafield>
  <datafield tag="100" ind1=" " ind2=" ">
    <subfield code="9">11132</subfield>
    <subfield code="a">BOUR VUTHY; &#x1794;&#x17CA;&#x17BD;&#x179A; &#x179C;&#x17BB;&#x178C;&#x17D2;&#x1783;&#x17B8;</subfield>
  </datafield>
  <datafield tag="245" ind1=" " ind2=" ">
    <subfield code="a">Study on the management and restoration forest resource in samaky community forestry trapeang prey commune, anlongveng district, odarmeanchey province; &#x1780;&#x17B6;&#x179A;&#x1782;&#x17D2;&#x179A;&#x1794;&#x17CB;&#x1782;&#x17D2;&#x179A;&#x1784; &#x1793;&#x17B7;&#x1784;&#x1780;&#x17B6;&#x179A;&#x179F;&#x17D2;&#x178F;&#x17B6;&#x179A;&#x17A1;&#x17BE;&#x1784;&#x179C;&#x17B7;&#x1789;&#x1793;&#x17BC;&#x179C;&#x1792;&#x1793;&#x1792;&#x17B6;&#x1793;&#x1796;&#x17D2;&#x179A;&#x17C3;&#x1788;&#x17BE;&#x179F;&#x17A0;&#x1782;&#x1798;&#x1793;&#x17CD;&#x179F;&#x17B6;&#x1798;&#x1782;&#x17D2;&#x1782;&#x17B8; &#x1783;&#x17BB;&#x17C6;&#x178F;&#x17D2;&#x179A;&#x1796;&#x17B6;&#x17C6;&#x1784;&#x1794;&#x17D2;&#x179A;&#x17B8;&#x1799;&#x17CD; &#x179F;&#x17D2;&#x179A;&#x17BB;&#x1780;&#x17A2;&#x1793;&#x17D2;&#x179B;&#x1784;&#x17CB;&#x179C;&#x17C2;&#x1784; &#x1781;&#x17C1;&#x178F;&#x17D2;&#x178F;&#x17A7;&#x178F;&#x17D2;&#x178F;&#x179A;&#x1798;&#x17B6;&#x1793;&#x1787;&#x17D0;&#x1799;</subfield>
  </datafield>
  <datafield tag="260" ind1=" " ind2=" ">
    <subfield code="a">Phnom Penh</subfield>
    <subfield code="b">RUA</subfield>
    <subfield code="c">2015</subfield>
  </datafield>
  <datafield tag="300" ind1=" " ind2=" ">
    <subfield code="a">xi; 61p.</subfield>
    <subfield code="b">ill.</subfield>
    <subfield code="c">29cm.</subfield>
  </datafield>
  <datafield tag="942" ind1=" " ind2=" ">
    <subfield code="2">ddc</subfield>
    <subfield code="c">FOR</subfield>
  </datafield>
  <datafield tag="999" ind1=" " ind2=" ">
    <subfield code="c">10709</subfield>
    <subfield code="d">10709</subfield>
  </datafield>
  <datafield tag="952" ind1=" " ind2=" ">
    <subfield code="0">0</subfield>
    <subfield code="1">0</subfield>
    <subfield code="2">ddc</subfield>
    <subfield code="4">0</subfield>
    <subfield code="6">FOR_BUO_2015_000000000000000_B524_OR_1</subfield>
    <subfield code="7">0</subfield>
    <subfield code="9">55750</subfield>
    <subfield code="a">LBB</subfield>
    <subfield code="b">LBB</subfield>
    <subfield code="c">B524</subfield>
    <subfield code="d">2016-11-03</subfield>
    <subfield code="o">FOR BUO 2015 B524 Or.1</subfield>
    <subfield code="p">A01516</subfield>
    <subfield code="r">2016-11-03</subfield>
    <subfield code="w">2016-11-03</subfield>
    <subfield code="y">FOR</subfield>
  </datafield>
  <datafield tag="952" ind1=" " ind2=" ">
    <subfield code="0">0</subfield>
    <subfield code="1">0</subfield>
    <subfield code="2">ddc</subfield>
    <subfield code="4">0</subfield>
    <subfield code="6">FOR_BUO_2015_000000000000000_B524_OR_2</subfield>
    <subfield code="7">0</subfield>
    <subfield code="9">55751</subfield>
    <subfield code="a">LBB</subfield>
    <subfield code="b">LBB</subfield>
    <subfield code="c">B524</subfield>
    <subfield code="d">2016-11-03</subfield>
    <subfield code="o">FOR BUO 2015 B524 Or.2</subfield>
    <subfield code="p">A00760</subfield>
    <subfield code="r">2016-11-03</subfield>
    <subfield code="w">2016-11-03</subfield>
    <subfield code="y">FOR</subfield>
  </datafield>
  <datafield tag="952" ind1=" " ind2=" ">
    <subfield code="0">0</subfield>
    <subfield code="1">0</subfield>
    <subfield code="2">ddc</subfield>
    <subfield code="4">0</subfield>
    <subfield code="6">FOR_BUO_2015_000000000000000_B524_OR_3</subfield>
    <subfield code="7">0</subfield>
    <subfield code="9">55752</subfield>
    <subfield code="a">LBB</subfield>
    <subfield code="b">LBB</subfield>
    <subfield code="c">B524</subfield>
    <subfield code="d">2016-11-03</subfield>
    <subfield code="o">FOR BUO 2015 B524 Or.3</subfield>
    <subfield code="p">A02358</subfield>
    <subfield code="r">2016-11-03</subfield>
    <subfield code="w">2016-11-03</subfield>
    <subfield code="y">FOR</subfield>
  </datafield>
  <datafield tag="952" ind1=" " ind2=" ">
    <subfield code="0">0</subfield>
    <subfield code="1">0</subfield>
    <subfield code="2">ddc</subfield>
    <subfield code="4">0</subfield>
    <subfield code="6">FOR_BUO_2015_000000000000000_B524_OR_4</subfield>
    <subfield code="7">0</subfield>
    <subfield code="9">55753</subfield>
    <subfield code="a">LBB</subfield>
    <subfield code="b">LBB</subfield>
    <subfield code="c">B524</subfield>
    <subfield code="d">2016-11-03</subfield>
    <subfield code="o">FOR BUO 2015 B524 Or.4</subfield>
    <subfield code="p">A00129</subfield>
    <subfield code="r">2016-11-03</subfield>
    <subfield code="w">2016-11-03</subfield>
    <subfield code="y">FOR</subfield>
  </datafield>
  <datafield tag="952" ind1=" " ind2=" ">
    <subfield code="0">0</subfield>
    <subfield code="1">0</subfield>
    <subfield code="2">ddc</subfield>
    <subfield code="4">0</subfield>
    <subfield code="6">FOR_BUO_2015_000000000000000_B524_OR_5</subfield>
    <subfield code="7">0</subfield>
    <subfield code="9">55754</subfield>
    <subfield code="a">LBB</subfield>
    <subfield code="b">LBB</subfield>
    <subfield code="c">B524</subfield>
    <subfield code="d">2016-11-03</subfield>
    <subfield code="o">FOR BUO 2015 B524 Or.5</subfield>
    <subfield code="p">A01121</subfield>
    <subfield code="r">2016-11-03</subfield>
    <subfield code="w">2016-11-03</subfield>
    <subfield code="y">FOR</subfield>
  </datafield>
  <datafield tag="952" ind1=" " ind2=" ">
    <subfield code="0">0</subfield>
    <subfield code="1">0</subfield>
    <subfield code="2">ddc</subfield>
    <subfield code="4">0</subfield>
    <subfield code="6">FOR_BUO_2015_000000000000000_B524_OR_6</subfield>
    <subfield code="7">0</subfield>
    <subfield code="9">55755</subfield>
    <subfield code="a">LBB</subfield>
    <subfield code="b">LBB</subfield>
    <subfield code="c">B524</subfield>
    <subfield code="d">2016-11-03</subfield>
    <subfield code="o">FOR BUO 2015 B524 Or.6</subfield>
    <subfield code="p">A02078</subfield>
    <subfield code="r">2016-11-03</subfield>
    <subfield code="w">2016-11-03</subfield>
    <subfield code="y">FOR</subfield>
  </datafield>
  <datafield tag="952" ind1=" " ind2=" ">
    <subfield code="0">0</subfield>
    <subfield code="1">0</subfield>
    <subfield code="2">ddc</subfield>
    <subfield code="4">0</subfield>
    <subfield code="6">FOR_BUO_2015_000000000000000_B524_OR_7</subfield>
    <subfield code="7">0</subfield>
    <subfield code="9">55756</subfield>
    <subfield code="a">LBB</subfield>
    <subfield code="b">LBB</subfield>
    <subfield code="c">B524</subfield>
    <subfield code="d">2016-11-03</subfield>
    <subfield code="o">FOR BUO 2015 B524 Or.7</subfield>
    <subfield code="p">A01349</subfield>
    <subfield code="r">2016-11-03</subfield>
    <subfield code="w">2016-11-03</subfield>
    <subfield code="y">FOR</subfield>
  </datafield>
  <datafield tag="952" ind1=" " ind2=" ">
    <subfield code="0">0</subfield>
    <subfield code="1">0</subfield>
    <subfield code="2">ddc</subfield>
    <subfield code="4">0</subfield>
    <subfield code="6">FOR_BUO_2015_000000000000000_B524_OR_8</subfield>
    <subfield code="7">0</subfield>
    <subfield code="9">55757</subfield>
    <subfield code="a">LBB</subfield>
    <subfield code="b">LBB</subfield>
    <subfield code="c">B524</subfield>
    <subfield code="d">2016-11-03</subfield>
    <subfield code="o">FOR BUO 2015 B524 Or.8</subfield>
    <subfield code="p">A00164</subfield>
    <subfield code="r">2016-11-03</subfield>
    <subfield code="w">2016-11-03</subfield>
    <subfield code="y">FOR</subfield>
  </datafield>
</record>
